000 00450nam a2200169 a 4500
005 20140310183228.0
008 040311s19uu xx 00 eng d
020 _a0002232308
050 _aPZ 7
_b.D526 1987
100 _aDexter, Susan
245 _aThe Winter King's war :
_bthe sword of calandra /
_cSusan Dexter.
260 _aLondon :
_bCollins,
_c1987.
300 _a367p. :
_c20cm.
650 _aFiction
942 _cBK
_2lcc
999 _c20446
_d20446